000 00481nam a2200181Ia 4500
001 3938
005 20260306145720.0
008 260306t2018||||xx |||||||||||||| ||spa||
041 _aESP
082 _a305.8
_bM28
100 _aMatos Moctezuma, Eduardo
_eAUT
245 0 _aMexicas e incas:
_bestudio comparado de los gobernantes de Mesoamérica y los Andes
260 _c2018
300 _a303 páginas :
_c23 cm.
650 _aGEN
654 _aCHU
942 _cLIB
_dJUS
_fJUS
_2ddc
_n
999 _c3938
_d3938